RuPaul's Drag Race - Season 2 by picture - Statistics

General Stats
  • This quiz has been taken 42 times
  • The average score is 11 of 12
Answer Stats
Picture Answer % Correct
Raven
97%
Shangela Laquifa Wadley
97%
Jujubee
94%
Tatianna
94%
Pandora Boxx
91%
Sahara Davenport
91%
Morgan McMichaels
88%
Mystique Summers Madison
88%
Tyra Sanchez
88%
Sonique
85%
Nicole Paige Brooks
79%
Jessica Wild
76%
No matching quizzes found
Score Distribution
Percent of People with Each Score
Percentile by Number Answered
Your Score History
You have not taken this quiz